000 00445nam a2200193Ia 4500
005 20250603145321.0
008 250603s9999 xx 000 0 und d
020 _a9788131806791
050 _aTJ 1185 .E43/
100 _aElanchezhian, C.
245 0 _aManufacturing technology-1
250 _a2nd ed.
260 _aIndia
260 _bUniversity science press
260 _c2016
300 _a274 p
650 _aIndia
942 _cBK
999 _c41507
_d41507